00337nam a2200121Ia 4500008004100000100003000041245004600071260004300117300000900160650002400169942000700193999001500200190216s9999||||xx |||||||||||||| ||und|| aMehrotra R C&Amp; Singh A 0aOrganometalic Chemistry A Unified Approch bNew Age International Publishersc2000 a618p aChemistry-Chemistry cBK c3000d3000